LEADER 01279nam--2200409---45-- 001 990000328810203316 005 20110609121105.0 010 $aSBN 035 $a0032881 035 $aUSA010032881 035 $a(ALEPH)000032881USA01 035 $a0032881 100 $a20010124d1996----km-y0ITAy0103-------ba 101 0 $aFRE 102 $aES 200 1 $aInrodicciòn a los equilibrios iònicos$fManuel Aguilar Sanjuàn 210 $aBarcelona$cEdicions UPC$dcopyr. 1996 215 $a324 p.$cill.$d25 cm. 410 $12001 610 1 $aChimica Analitica 676 $a541.3723 700 1$aAguilar Sanjuàn,$bManuel$0542767 801 0$aITA$bCBS$gISBD 912 $a990000328810203316 951 $a541.3723 AGU$b25872/CBS$c541.3723$d00103525 951 $a541.3723 AGU$b25873/CBS$c541.3723$d00103524 951 $a541.3723 AGU$b29384/CBS$c541.3723$d00114176 959 $aBK 969 $aSCI 979 $aALANDI$b90$c20010124$lUSA01$h1637 979 $c20020403$lUSA01$h1640 979 $aPATRY$b90$c20040406$lUSA01$h1623 979 $aDIGIUSEPPE$b90$c20050118$lUSA01$h1629 979 $aANGELA$b90$c20081203$lUSA01$h1108 979 $aANGELA$b90$c20110609$lUSA01$h1211 996 $aInrodicciòn a los equilibrios iònicos$9879801 997 $aUNISA LEADER 01043nam a2200253 i 4500 001 991000669999707536 005 20020507172035.0 008 940513s1984 ||| ||| | ita 035 $ab1074079x-39ule_inst 035 $aLE01300456$9ExL 040 $aDip.to Matematica$beng 082 0 $a512.73 084 $aAMS 11A5 100 1 $aContaldo, Luigia$0534592 245 12$aL'algoritmo delle formatrici e le frazioni continue. Tesi di laurea /$claureanda Contaldo Luigia ; relat. G. Pellicciardi 260 $aLecce :$bUniversità degli studi. Facoltà di Scienze. Corso di laurea in Matematica,$ca.a. 1984-85 650 4$aContinued fractions 700 1 $aPelliciardi, Gabriele 907 $a.b1074079x$b02-04-14$c28-06-02 912 $a991000669999707536 945 $aLE013 TES 1984/85 CON1$g1$iLE013A-11737$lle013$o-$pE0.00$q-$rl$s- $t0$u0$v0$w0$x0$y.i10831836$z28-06-02 996 $aAlgoritmo delle formatrici e le frazioni continue. Tesi di laurea$9910895 997 $aUNISALENTO 998 $ale013$b01-01-94$cm$da $e-$feng$gxx $h2$i1